<?xml version="1.0" encoding="UTF-8"?><?xml-stylesheet type="text/xsl" href="static/style.xsl"?><OAI-PMH xmlns="http://www.openarchives.org/OAI/2.0/" xmlns:xsi="http://www.w3.org/2001/XMLSchema-instance" xsi:schemaLocation="http://www.openarchives.org/OAI/2.0/ http://www.openarchives.org/OAI/2.0/OAI-PMH.xsd"><responseDate>2026-04-17T23:12:40Z</responseDate><request verb="GetRecord" identifier="oai:www.recercat.cat:2072/458287" metadataPrefix="marc">https://recercat.cat/oai/request</request><GetRecord><record><header><identifier>oai:recercat.cat:2072/458287</identifier><datestamp>2025-07-29T19:46:18Z</datestamp><setSpec>com_2072_98</setSpec><setSpec>col_2072_378192</setSpec></header><metadata><record xmlns="http://www.loc.gov/MARC21/slim" xmlns:dcterms="http://purl.org/dc/terms/" xmlns:xsi="http://www.w3.org/2001/XMLSchema-instance" xmlns:doc="http://www.lyncode.com/xoai" xsi:schemaLocation="http://www.loc.gov/MARC21/slim http://www.loc.gov/standards/marcxml/schema/MARC21slim.xsd">
   <leader>00925njm 22002777a 4500</leader>
   <datafield ind2=" " ind1=" " tag="042">
      <subfield code="a">dc</subfield>
   </datafield>
   <datafield ind2=" " ind1=" " tag="720">
      <subfield code="a">Gilabert, Gaston</subfield>
      <subfield code="e">author</subfield>
   </datafield>
   <datafield ind2=" " ind1=" " tag="260">
      <subfield code="c">2022</subfield>
   </datafield>
   <datafield ind2=" " ind1=" " tag="520">
      <subfield code="a">La propuesta de un género sobrenatural para englobar las comedias que ponen en su centro elementos maravillosos ayuda a explorar procedimientos compartidos por las fábulas mitológicas, hagiográficas y de magia. Partiendo de este marco, el presente trabajo analiza setenta y cuatro comedias vinculadas al primer Lope de Vega con el objetivo de observar la incidencia que tienen esos elementos trascendentes en los distintos géneros que cultivó, más allá de los tres señalados. El resultado muestra la gran importancia de la maravilla sobrenatural en el crisol del Arte Nuevo, ofrece información acerca de las estrategias dramáticas del Fénix en su fase inicial y explica, mediante la hibridación genérica, cómo se proyecta el teatro renacentista de magos y nigromantes en los grandes espectáculos de tramoya del siglo XVII.</subfield>
   </datafield>
   <datafield ind2=" " ind1=" " tag="520">
      <subfield code="a">The proposal of a supernatural genre to encompass comedias that include marvel elements helps to explore procedures shared by mythological, hagiographic and magic fables. Starting with such framework, this paper analyses seventy-four early comedies by Lope de Vega with the aim of examining the influence of these transcendent elements on the various genres that he cultivated, beyond the three indicated. The result shows the great importance of the supernatural wonder in the crucible of the Arte Nuevo, it offers information about the dramatic strategies of El Fénix in his early stages and it explains, through generic hybridization, how the Renaissance play of magicians and necromancers is projected to the great spectacles of stage machinery in the seventeenth century.</subfield>
   </datafield>
   <datafield tag="653" ind2=" " ind1=" ">
      <subfield code="a">Lope de Vega</subfield>
   </datafield>
   <datafield tag="653" ind2=" " ind1=" ">
      <subfield code="a">Sobrenatural</subfield>
   </datafield>
   <datafield tag="653" ind2=" " ind1=" ">
      <subfield code="a">Maravilla</subfield>
   </datafield>
   <datafield tag="653" ind2=" " ind1=" ">
      <subfield code="a">Milagro</subfield>
   </datafield>
   <datafield tag="653" ind2=" " ind1=" ">
      <subfield code="a">Prodigio</subfield>
   </datafield>
   <datafield tag="653" ind2=" " ind1=" ">
      <subfield code="a">Géneros dramáticos</subfield>
   </datafield>
   <datafield tag="653" ind2=" " ind1=" ">
      <subfield code="a">Comedia hagiográfica</subfield>
   </datafield>
   <datafield tag="653" ind2=" " ind1=" ">
      <subfield code="a">Comedia mitológica</subfield>
   </datafield>
   <datafield tag="653" ind2=" " ind1=" ">
      <subfield code="a">Comedia de magia</subfield>
   </datafield>
   <datafield tag="653" ind2=" " ind1=" ">
      <subfield code="a">Supernatural</subfield>
   </datafield>
   <datafield tag="653" ind2=" " ind1=" ">
      <subfield code="a">Wonder</subfield>
   </datafield>
   <datafield tag="653" ind2=" " ind1=" ">
      <subfield code="a">Miracle</subfield>
   </datafield>
   <datafield tag="653" ind2=" " ind1=" ">
      <subfield code="a">Prodigy</subfield>
   </datafield>
   <datafield tag="653" ind2=" " ind1=" ">
      <subfield code="a">Dramatic genres</subfield>
   </datafield>
   <datafield tag="653" ind2=" " ind1=" ">
      <subfield code="a">Mythological comedia</subfield>
   </datafield>
   <datafield tag="653" ind2=" " ind1=" ">
      <subfield code="a">Hagiographic comedia</subfield>
   </datafield>
   <datafield tag="653" ind2=" " ind1=" ">
      <subfield code="a">Comedia of magic</subfield>
   </datafield>
   <datafield ind2="0" ind1="0" tag="245">
      <subfield code="a">Lo sobrenatural y sus hibridaciones en el primer Lope de Vega : hacia un nuevo género dramático</subfield>
   </datafield>
</record></metadata></record></GetRecord></OAI-PMH>